Resumen estadístico: 1950-1960
Indicadores económicos y sociales de Nicaragua (periodo 1950-62), informa sobre meteorología, demografía, tablas de vida, hospitales, educación sectores agropecuario, industrial, construcción y transporte, comercio exterior, banca y finanzas, y telecomunicaciones./ACM
Guardado en:
| Institution som forfatter: | |
|---|---|
| Format: | Texto |
| Udgivet: |
Managua:
DGEC
|
| Fag: | |
| Tags: |
Tilføj Tag
Ingen Tags, Vær først til at tagge denne postø!
|
MARC
| LEADER | 00000 a a2200000 04500 | ||
|---|---|---|---|
| 001 | 21480 | ||
| 003 | |||
| 040 | |||
| 090 | |a 094800 | ||
| 110 | |a Nicaragua. Ministerio de Economía y Comercio. Dirección General de Estadística y Censos | ||
| 245 | |a Resumen estadístico: 1950-1960 | ||
| 260 | |a Managua: |b DGEC | ||
| 300 | |a 115 p | ||
| 520 | |a Indicadores económicos y sociales de Nicaragua (periodo 1950-62), informa sobre meteorología, demografía, tablas de vida, hospitales, educación sectores agropecuario, industrial, construcción y transporte, comercio exterior, banca y finanzas, y telecomunicaciones./ACM | ||
| 650 | |a INDICADORES ECONOMICOS | ||
| 650 | |a INDICADORES SOCIALES | ||
| 650 | |a SECTOR INDUSTRIAL | ||
| 650 | |a DEMOGRAFIA | ||
| 650 | |a EDUCACION | ||
| 650 | |a COMERCIO EXTERIOR | ||
| 650 | |a SECTOR AGROPECUARIO | ||
| 650 | |a Cuadros estadisticos | ||
| 999 | |c 15141 |d 15141 | ||
